000 00433nam a2200181Ia 4500
005 20250603145631.0
008 250603s9999 xx 000 0 und d
020 _a978-1-59784-064-4
050 _aBP 166 .G8513/
100 _aGulen, M. Fethullah
245 0 _aQuestions and answers about Islam
260 _aNew Jersey
260 _bTughra Books
260 _c2006
300 _a264 p
650 _aNew Jersey
942 _cBK
999 _c42409
_d42409